00750cam a2200217 a 4500020003200000040000800032082002600040245005900066250001400125260003500139300004700174500005000221500002000271650001800291650002900309650001800338700002500356710003100381856005600412856006400468 a0072410159 (acidfree paper) cDLC00a540 MCG 2003 A027 Or.00aChemistry in context :bapplying chemistry to society. a4th ed. / aBoston :bMcGraw-Hill,cc2003. axxiv, 568 p. :bill. (some col.) ;c28 cm. a"A project of the American Chemical Society." aIncludes index. 0aBiochemistry. 0aEnvironmental chemistry. 0aGeochemistry.1 aStanitski, Conrad L.2 aAmerican Chemical Society.41uhttp://www.loc.gov/catdir/toc/mh031/2002067087.html42uhttp://www.loc.gov/catdir/description/mh031/2002067087.html